Los costos, herramienta básica para medir y evaluar una gestión privada y/o pública (Registro nro. 9381)

Detalles MARC
000 -LEADER
fixed length control field 00382 a2200109 4500
001 - CONTROL NUMBER
control field ART_8640
005 - DATE AND TIME OF LATEST TRANSACTION
control field 20260410161557.0
008 - FIXED-LENGTH DATA ELEMENTS--GENERAL INFORMATION
fixed length control field 260409a
100 1# - MAIN ENTRY--PERSONAL NAME
Personal name Rodríguez, Roberto Mario
245 10 - TITLE STATEMENT
Title Los costos, herramienta básica para medir y evaluar una gestión privada y/o pública
773 0# - HOST ITEM ENTRY
Title Profesional & Empresaria
Related parts - Año XII, Nº 137 (feb. 2011)
Record control number REV70

No hay ítems disponibles.